| 000 | 01241nam a2200325 i 4500 | ||
|---|---|---|---|
| 001 | 000000496 | ||
| 003 | DO-SdBNP | ||
| 005 | 20241003073836.0 | ||
| 007 | ta | ||
| 008 | 081128s1974 dr abc 000 0 spa d | ||
| 040 |
_aDO-SdBNP _bspa _cBNPHU _erda |
||
| 082 | 4 |
_aR972.93 _bD446r, 1974 _222 |
|
| 100 | 1 |
_aDeschamps, Enrique, _d 1872-1933 _eautor _92573 |
|
| 245 | 1 | 3 |
_aLa República Dominicana : _bdirectorio y guía general / _cEnrique Deschamps. |
| 264 |
_aSantiago de los Caballeros : _bEditora no identificada, _c1974. |
||
| 300 |
_a336, [ 144 ] paginas : _bilustraciones. , mapa , partitura, retratos. ; _c25 cm. |
||
| 336 |
_2rdaconten _atexto _btxt |
||
| 337 |
_2rdamedia _asin mediación _bn |
||
| 338 |
_2rdacarrier _avolumen _bnc |
||
| 590 | _aInventariado / DG | ||
| 650 | 4 |
_aMasonería _zRepública Dominicana _91652 |
|
| 651 | 4 |
_aRepública Dominicana _vDirectorios _91650 |
|
| 651 | 4 |
_aRepública Dominicana _xHistoria _9170 |
|
| 651 | 4 |
_aRepública Dominicana _xDescripciones y viajes _91651 |
|
| 651 | 4 |
_aRepública Dominicana _xVida social y costumbres _9405 |
|
| 651 | 4 |
_aRepública Dominicana _xCondiciones económicas _9281 |
|
| 651 | 4 |
_aRepública Dominicana _xCondiciones sociales _946 |
|
| 910 | _aDG | ||
| 942 |
_2ddc _cLBS1 |
||
| 999 |
_c55392 _d55392 |
||